LEADER 01571nam 2200445 450 001 9910480201003321 005 20181011184851.0 035 $a(CKB)4100000004617861 035 $a(MiAaPQ)EBC5434929 035 $a(EXLCZ)994100000004617861 100 $a20180630d2018 uy 0 101 0 $aeng 135 $aurcnu|||||||| 181 $ctxt$2rdacontent 182 $cc$2rdamedia 183 $acr$2rdacarrier 200 00$aStudies in historical Ibero-Romance morpho-syntax $ea descriptive and prescriptive analysis /$fedited by Miriam Bouzouita, Ioanna Sitaridou and Enrique Pato 210 1$aAmsterdam ;$aPhiladelphia :$cJohn Benjamins Publishing Company,$d2018. 215 $a1 online resource (384 pages) 225 1 $aIssues in Hispanic and Lusophone linguistics ;$vVolume 16 311 $a90-272-0045-9 311 $a90-272-6431-7 320 $aIncludes bibliographical references and index. 410 0$aIssues in Hispanic and Lusophone linguistics ;$vVolume 16.$x2213-3887 606 $aRomance languages$xGrammar, Historical 606 $aRomance languages$xMorphosyntax 608 $aElectronic books. 615 0$aRomance languages$xGrammar, Historical. 615 0$aRomance languages$xMorphosyntax. 676 $a440/.045 702 $aBouzouita$b Miriam 702 $aSitaridou$b Ioanna 702 $aPato$b Enrique 801 0$bMiAaPQ 801 1$bMiAaPQ 801 2$bMiAaPQ 906 $aBOOK 912 $a9910480201003321 996 $aStudies in historical Ibero-Romance morpho-syntax$92271231 997 $aUNINA LEADER 02966nam 22007093u 450 001 9910785216603321 005 20230725025409.0 010 $a1-282-87405-5 010 $a9786612874055 010 $a1-4411-3511-1 035 $a(CKB)2670000000054453 035 $a(EBL)601907 035 $a(OCoLC)682540849 035 $a(SSID)ssj0000410871 035 $a(PQKBManifestationID)12183313 035 $a(PQKBTitleCode)TC0000410871 035 $a(PQKBWorkID)10352821 035 $a(PQKB)11753789 035 $a(MiAaPQ)EBC601907 035 $a(EXLCZ)992670000000054453 100 $a20130418d2010|||| u|| | 101 0 $aeng 135 $aur|n|---||||| 181 $ctxt 182 $cc 183 $acr 200 10$aAcademic Writing and Plagiarism$b[electronic resource] $eA Linguistic Analysis 210 $aLondon $cContinuum International Publishing$d2010 215 $a1 online resource (224 p.) 300 $aDescription based upon print version of record. 311 $a1-4411-3953-2 327 $aContents; Acknowledgements; 1 Plagiarism: Why the Need for a Linguistic Analysis?; 2 Plagiarism in Perspective; 3 Learning to Write from Sources; 4 The Texts; 5 'My Position, it is Impossible': The Writers' Perspectives; 6 The Readers; 7 Plagiarism, Patchwriting and Source Use in Context; Appendix: Research Methods; References; Author Index; Subject Index 330 $aPlagiarism has long been regarded with concern by the university community as a serious act of wrongdoing threatening core academic values. There has been a perceived increase in plagiarism over recent years, due in part to issues raised by the new media, a diverse student population and the rise in English as a lingua franca. This book examines plagiarism, the inappropriate relationship between a text and its sources, from a linguistic perspective. Diane Pecorari looks at processes of first and second language writers; interplay between reading and writing; writer's identity and voice; and th 606 $aAcademic writing 606 $aBibliographical citations 606 $aPlagiarism 606 $aReport writing 606 $aPlagiarism 606 $aAcademic writing 606 $aReport writing 606 $aBibliographical citations 606 $aLiterature - General$2HILCC 606 $aLanguages & Literatures$2HILCC 615 4$aAcademic writing. 615 4$aBibliographical citations. 615 4$aPlagiarism. 615 4$aReport writing. 615 0$aPlagiarism 615 0$aAcademic writing 615 0$aReport writing 615 0$aBibliographical citations 615 7$aLiterature - General 615 7$aLanguages & Literatures 676 $a808.066 700 $aPecorari$b Diane$0719720 801 0$bAU-PeEL 801 1$bAU-PeEL 801 2$bAU-PeEL 906 $aBOOK 912 $a9910785216603321 996 $aAcademic Writing and Plagiarism$93795462 997 $aUNINA